书目信息 |
| 书名: | 关注美国法律 | |
| 作者: | Anthony G. Amsterdam, Jerome Bruner. | |
| 分册号: | ||
| 分册名: | 出版地: | 长春 : |
|
| 出版社: | 吉林人民出版社 | |
| 出版时间: | 2003. | |
| 页数: | 461 p. ; | |
| 开本: | 24 cm. | |
| 丛书名: | ||
| 中图分类号: | ||
| 科图分类号: | ||
| 其他分类号: | D971.25 | |
| 主题词: | ||
| 电子资源: | ||
| 000 | 01071nam 2200301 a 4500 | |
| 001 | E0762996800 | |
| 005 | 20070824083107.81 | |
| 008 | 030701r20032000cc b 001 0 eng d | |
| 020 | @a7206041000 :@cCNY35.00. | |
| 040 | @aPUL@bchi@cPUL | |
| 043 | @an-us--- | |
| 090 | @aD971.25 | |
| 099 | @dD971.25@ex15 | |
| 100 | 1 | @aAmsterdam, Anthony G. |
| 245 | 10 | @a关注美国法律 :@bMinding the law / @cAnthony G. Amsterdam, Jerome Bruner. |
| 246 | 14 | @aMinding the law |
| 250 | @a影印版. | |
| 260 | @a长春 :@b吉林人民出版社,@c2003. | |
| 300 | @a461 p. ;@c24 cm. | |
| 500 | @aCover title also in Chinese: 关注美国法律. | |
| 504 | @aIncludes bibliographical references and index. | |
| 534 | @pReprint. Originally published:@cCambridge, Mass. : Harvard University Press, 2000. | |
| 650 | 0 | @aJudicial opinions@zUnited States. |
| 650 | 0 | @aLaw@zUnited States@xInterpretation and construction. |
| 650 | 0 | @aLaw@zUnited States@xMethodology. |
| 650 | 0 | @aCulture and law. |
| 700 | 1 | @aBruner, Jerome S.@q(Jerome Seymour). |
| 920 | @a232010@z2 | |
| 关注美国法律 : : Minding the law / / Anthony G. Amsterdam, Jerome Bruner.-影印版.-长春 : : 吉林人民出版社, , 2003. |
| 461 p. ; ; 24 cm. |
| Cover title also in Chinese: 关注美国法律.-Includes bibliographical references and index. |
| ISBN 7206041000 :CNY35.00. |
| ● |
| 相关链接 |
|
|
|
|
正题名:关注美国法律
索取号:D971.25/x15
 
预约/预借
| 序号 | 登录号 | 条形码 | 馆藏地/架位号 | 状态 | 备注 |
| 1 | 0001250 | 300012509 | 第二样本阅览室/ [索取号:D971.25/x15] | 在馆 | |
| 2 | 0001251 | 300012518 | 第四借阅区/ [索取号:D971.25/x15] | 在馆 | |
| 3 | 0001252 | 300012527 | 第四借阅区/ [索取号:D971.25/x15] | 在馆 | |
| 4 | 0001253 | 300012536 | 第四借阅区/ [索取号:D971.25/x15] | 在馆 | |
| 5 | 0001254 | 300012545 | 第四借阅区/ [索取号:D971.25/x15] | 在馆 | |
| 6 | 0001255 | 300012554 | 第四借阅区/ [索取号:D971.25/x15] | 在馆 | |
| 7 | 0001256 | 300012563 | 第四借阅区/ [索取号:D971.25/x15] | 在馆 | |
| 8 | 0001257 | 300012572 | 第四借阅区/ [索取号:D971.25/x15] | 在馆 | |
| 9 | 17233 | 300172337 | 第四借阅区/ [索取号:D971.25/x15] | 在馆 | |
| 10 | 17234 | 300172346 | 第四借阅区/ [索取号:D971.25/x15] | 在馆 | |
| 11 | 17235 | 300172355 | 第四借阅区/ [索取号:D971.25/x15] | 在馆 | |
| 12 | 17236 | 300172364 | 第四借阅区/ [索取号:D971.25/x15] | 在馆 | |
| 13 | 17237 | 300172373 | 第四借阅区/ [索取号:D971.25/x15] | 在馆 | |
| 14 | 17238 | 300172382 | 第四借阅区/ [索取号:D971.25/x15] | 在馆 | |
| 15 | 17239 | 300172391 | 第四借阅区/ [索取号:D971.25/x15] | 在馆 | |
| 16 | 17240 | 300172408 | 第四借阅区/ [索取号:D971.25/x15] | 在馆 |